IDPs in Sri Lanka: (Record no. 4885)

MARC details
000 -LEADER
fixed length control field 00637nam a2200169 4500
008 - FIXED-LENGTH DATA ELEMENTS--GENERAL INFORMATION
fixed length control field 240503b |||||||| |||| 00| 0 eng d
020 ## - ISBN
ISBN 9789551489069
082 ## - DEWEY DECIMAL CLASSIFICATION NUMBER
Classification number 303.6
Item number SOU
942 ## - ADDED ENTRY ELEMENTS (KOHA)
Item Type Reports
110 ## - MAIN ENTRY--CORPORATE NAME
Corporate Name South Asians for Human Rights
700 ## - ADDED ENTRY--PERSONAL NAME
Personal name Satkunanathan, Ambika
Relator Term compiler
245 ## - TITLE STATEMENT
Title IDPs in Sri Lanka:
Sub Title report of the fact finding mission to the North and East of Sri Lanka to assess the state of displaced persons - August 2007
260 ## - PUBLICATION, DISTRIBUTION, ETC. (IMPRINT)
Place of Publication Colombo:
Name of Publisher South Asians for Human Rights,
Date of Copyright 2007
300 ## - PHYSICAL DESCRIPTION
Extent x., 72 p.
856 ## - ELECTRONIC LOCATION AND ACCESS
Uniform Resource Identifier <a href="https://sangam.org/2007/08/SAHR.pdf?uid=2512">https://sangam.org/2007/08/SAHR.pdf?uid=2512</a>
650 ## - SUBJECT ADDED ENTRY--TOPICAL TERM
Topical Term INTERNAL DISPLACED PERSONS-Sri Lanka
Holdings
Withdrawn status Lost status Source of classification or shelving scheme Damaged status Not for loan Permanent location Current location Date acquired Total Checkouts Full call number Barcode Date last seen Price effective from Koha item type
    Dewey Decimal Classification     Resource center, Muslim Women's Research And Action Forum Resource center, Muslim Women's Research And Action Forum 2024-05-03   303.6 SOU RAF5242 2024-05-03 2024-05-03 Reports

Copyright © 2023 Muslim Women's Research and Action Forum (MWRAF), No 27/3, Anderson Road, Kalubowila, Dehiwela. Funded by The Asia Fundation